| LEADER | 00572nam a2200229Ia 4500 | ||
|---|---|---|---|
| 008 | 240830s9999 xx 000 0 und d | ||
| 020 | |a 978-968-18-5299-3 | ||
| 040 | |a B-ESTELÍ- RUACS / 591.13 C561 | ||
| 041 | |a spa | ||
| 082 | |a 591.13 C561 | ||
| 100 | 1 | |a Church, D.C | |
| 100 | 1 | |b Pond, W.G | |
| 100 | 1 | |c Pond, K.R | |
| 245 | 1 | 0 | |a Fundamentos de nutrición y alimentación de animales |
| 250 | |a 2a.ed | ||
| 260 | |a México |b Limusa/Wiley |c 2007 | ||
| 300 | |a 636 p | ||
| 650 | 7 | |a ANIMALES | |
| 650 | 7 | |b NUTRICION | |
| 942 | |c BK |2 ddc | ||
| 991 | |a TEXTO | ||
| 999 | |c 11118 | ||